[Event "Sec op-B"]
[Site "Sec u Chrudimi"]
[Date "2007.10.24"]
[Round "6"]
[White "Krasny, Drahomir1111"]
[Black "Safr, Jan"]
[Result "0-1"]
[WhiteElo "1371"]
[BlackElo "1690"]
[PlyCount "90"]
[EventDate "2007.10.20"]
[EventType "swiss"]
[EventRounds "9"]
[EventCountry "CZE"]
[SourceTitle "EXT 2022"]
[Source "ChessBase"]
[SourceDate "2021.10.06"]
[SourceVersion "1"]
[SourceVersionDate "2021.10.06"]
[SourceQuality "1"]

1. e4 f5 2. Nc3 Nf6 3. d3 e5 4. Nf3 Nc6 5. Bg5 Bc5 6. Nd5 fxe4 7. dxe4 d6 8. h3 Rf8 9. c3 Bxf2+ 10. Kxf2 Nxe4+ 11. Ke1 Nxg5 12. Nxg5 Qxg5 13. Nxc7+ Kd8 14. Nxa8 Qg3+ 15. Kd2 Qf4+ 16. Kc2 Bf5+ 17. Kb3 Kd7 18. Bb5 Rxa8 19. Rf1 Qe4 20. Qd2 a6 21. Bxc6+ bxc6 22. Ka3 Be6 23. b3 Rb8 24. Rae1 Qd5 25. Qxd5 Bxd5 26. c4 Be6 27. Rd1 d5 28. c5 Ke7 29. Rfe1 e4 30. Rd4 a5 31. Ka4 Rb5 32. b4 axb4 33. Rxb4 Rxc5 34. Rd4 Rc2 35. a3 Rxg2 36. Re3 Bf5 37. Rb4 Kd6 38. Ka5 c5 39. Rb6+ Ke5 40. Rb5 Kd4 41. Re1 e3 42. Rb3 Bd3 43. Rd1 c4 44. Rdxd3+ cxd3 45. Rb4+ Kc3 0-1

[Event "Czechia KP-chTA 0607"]
[Site "Czech Republic"]
[Date "2007.03.18"]
[Round "10.7"]
[White "Safr, Jan"]
[Black "Quach, Hoang Binh"]
[Result "0-1"]
[WhiteElo "1627"]
[BlackElo "1695"]
[PlyCount "52"]
[EventDate "2006.10.29"]
[EventType "team"]
[EventRounds "11"]
[EventCountry "CZE"]
[SourceTitle "EXT 2008"]
[Source "ChessBase"]
[SourceDate "2007.11.25"]
[SourceVersion "1"]
[SourceVersionDate "2007.11.25"]
[SourceQuality "1"]
[WhiteTeam "Kladno II"]
[BlackTeam "Pribram II"]
[WhiteTeamCountry "CZE"]
[BlackTeamCountry "CZE"]

1. e4 d6 2. b3 Nf6 3. Nc3 g6 4. Bb2 Bg7 5. Bd3 e5 6. Nge2 b6 7. f4 Nbd7 8. g3 Bb7 9. Rf1 Qe7 10. fxe5 Nxe5 11. Nf4 d5 12. Bb5+ c6 13. Ncxd5 Nxd5 14. Nxd5 Qd6 15. d4 Nd7 16. Qf3 0-0 17. a4 cxd5 18. Ba3 Qc7 19. e5 Nxe5 20. dxe5 Qxe5+ 21. Kd2 Bh6+ 22. Kd3 Rac8 23. Bb4 a5 24. Rae1 Qe4+ 25. Rxe4 dxe4+ 26. Kd4 Rfd8+ 0-1

[Event "CZE-ch Juniors op-A"]
[Site "Sec u Chrudimi"]
[Date "2007.03.17"]
[Round "9"]
[White "Stary, Lukas"]
[Black "Safr, Jan"]
[Result "1-0"]
[WhiteElo "1859"]
[BlackElo "1662"]
[PlyCount "41"]
[EventDate "2007.03.10"]
[EventType "swiss"]
[EventRounds "9"]
[EventCountry "CZE"]
[SourceTitle "EXT 2008"]
[Source "ChessBase"]
[SourceDate "2007.11.25"]
[SourceVersion "1"]
[SourceVersionDate "2007.11.25"]
[SourceQuality "1"]

1. d4 f5 2. h4 e6 3. Nc3 b6 4. e4 fxe4 5. Qh5+ g6 6. Qe5 Qf6 7. Qxe4 Nc6 8. Nb5 d5 9. Nxc7+ Kd7 10. Nxd5 exd5 11. Qxd5+ Bd6 12. Bb5 Bb7 13. Bg5 Re8+ 14. Ne2 Qf8 15. Qc4 a6 16. Bxa6 Bxa6 17. Qxa6 Nxd4 18. Qb7+ Bc7 19. 0-0-0 Rxe2 20. Rxd4+ Ke6 21. Qd5# 1-0

[Event "CZE-ch Juniors op-A"]
[Site "Sec u Chrudimi"]
[Date "2007.03.13"]
[Round "5"]
[White "Cichy, Miroslav"]
[Black "Safr, Jan"]
[Result "1-0"]
[WhiteElo "2076"]
[BlackElo "1662"]
[PlyCount "55"]
[EventDate "2007.03.10"]
[EventType "swiss"]
[EventRounds "9"]
[EventCountry "CZE"]
[SourceTitle "EXT 2008"]
[Source "ChessBase"]
[SourceDate "2007.11.25"]
[SourceVersion "1"]
[SourceVersionDate "2007.11.25"]
[SourceQuality "1"]

1. e4 Nf6 2. e5 Nd5 3. d4 d6 4. c4 Nb6 5. f4 g6 6. Nc3 Bg7 7. Be3 0-0 8. Nf3 Bg4 9. h3 Be6 10. b3 Re8 11. g4 f6 12. d5 Bc8 13. e6 c5 14. Qd2 a5 15. a4 Na6 16. h4 Nb4 17. h5 gxh5 18. Rxh5 Rf8 19. Bd3 h6 20. Bg6 f5 21. Bxf5 N6xd5 22. cxd5 Nxd5 23. Nxd5 Bxa1 24. Rxh6 b5 25. Qh2 Rxf5 26. gxf5 Bg7 27. Rg6 Kf8 28. Qh7 1-0

[Event "Czechia KP-chTA 0607"]
[Site "Czech Republic"]
[Date "2006.11.12"]
[Round "2.7"]
[White "Sokol, Roman"]
[Black "Safr, Jan"]
[Result "1/2-1/2"]
[WhiteElo "1891"]
[BlackElo "1627"]
[PlyCount "82"]
[EventDate "2006.10.29"]
[EventType "team"]
[EventRounds "11"]
[EventCountry "CZE"]
[SourceTitle "EXT 2008"]
[Source "ChessBase"]
[SourceDate "2007.11.25"]
[SourceVersion "1"]
[SourceVersionDate "2007.11.25"]
[SourceQuality "1"]
[WhiteTeam "Kladno"]
[BlackTeam "Kladno II"]
[WhiteTeamCountry "CZE"]
[BlackTeamCountry "CZE"]

1. e4 Nf6 2. e5 Nd5 3. d4 d6 4. Nf3 Bg4 5. Be2 Nc6 6. 0-0 e6 7. c4 Nb6 8. b3 dxe5 9. dxe5 Qxd1 10. Rxd1 Nxe5 11. Nxe5 Bxe2 12. Re1 Bh5 13. g4 Bg6 14. Nd2 Bb4 15. Nxg6 hxg6 16. Re3 0-0-0 17. Nf1 Rh4 18. h3 Rdh8 19. Kg2 Nd7 20. Bb2 e5 21. Rd1 f6 22. a3 Bc5 23. Red3 Nb6 24. Nd2 a5 25. Ne4 Be7 26. c5 f5 27. cxb6 fxe4 28. Rd7 Bf6 29. Rxc7+ Kb8 30. Rdd7 Rxh3 31. Rxb7+ Ka8 32. Ra7+ Kb8 33. g5 Rxb3 34. gxf6 gxf6 35. Rab7+ Ka8 36. Ra7+ Kb8 37. Rab7+ Ka8 38. Bc1 Rb1 39. Ra7+ Kb8 40. Rab7+ Ka8 41. Be3 Rbh1 1/2-1/2

[Event "Czechia KP-chTA 0607"]
[Site "Czech Republic"]
[Date "2006.10.29"]
[Round "1.8"]
[White "Pokorny, Ludvik"]
[Black "Safr, Jan"]
[Result "1-0"]
[WhiteElo "1733"]
[BlackElo "1627"]
[PlyCount "120"]
[EventDate "2006.10.29"]
[EventType "team"]
[EventRounds "11"]
[EventCountry "CZE"]
[SourceTitle "EXT 2008"]
[Source "ChessBase"]
[SourceDate "2007.11.25"]
[SourceVersion "1"]
[SourceVersionDate "2007.11.25"]
[SourceQuality "1"]
[WhiteTeam "Melnik"]
[BlackTeam "Kladno II"]
[WhiteTeamCountry "CZE"]
[BlackTeamCountry "CZE"]

1. e4 Nf6 2. Nc3 e5 3. Nf3 Nc6 4. Bb5 d6 5. h3 Be7 6. d4 exd4 7. Nxd4 Bd7 8. Nxc6 Bxc6 9. Bxc6+ bxc6 10. 0-0 0-0 11. Qf3 Nd7 12. Ne2 Bf6 13. c3 Rb8 14. b3 Ne5 15. Qe3 c5 16. f4 Nc6 17. Qf3 Rb6 18. Be3 a5 19. Rad1 Qe7 20. Rd5 g6 21. Bf2 Bg7 22. Ng3 f6 23. h4 Qe8 24. h5 Ne7 25. Rd3 Nc6 26. hxg6 hxg6 27. Qe3 Bh6 28. Qf3 Rf7 29. Be3 Rh7 30. Kf2 Qf7 31. Qg4 Rb8 32. Rd5 Ne7 33. Rh5 a4 34. Rfh1 Kg7 35. R5h3 axb3 36. axb3 Rxb3 37. Qd7 Ng8 38. Qxf7+ Kxf7 39. Ne2 Kg7 40. Kf3 Ne7 41. g4 g5 42. fxg5 fxg5 43. Bxg5 Ng8 44. Be3 Kg6 45. g5 Rf7+ 46. Kg4 Bg7 47. Nf4+ Rxf4+ 48. Bxf4 Rxc3 49. Rxc3 Bxc3 50. Rb1 Bb4 51. Ra1 c4 52. Ra4 c5 53. Bxd6 Kf7 54. Kf5 Ne7+ 55. Bxe7 Kxe7 56. Ra2 c3 57. e5 c4 58. g6 Kf8 59. Kf6 Be7+ 60. Ke6 Bd8 1-0